[Event "Ontario op"]
[Site "Brantford CAN"]
[Date "2025.05.18"]
[Round "4"]
[White "Trofimov-Malyshkin, Valentyn"]
[Black "Russell, Wesley"]
[Result "1/2-1/2"]
[WhiteElo "2184"]
[BlackElo "1969"]
[WhiteFideId "-1"]
[WhiteFideId "-1"]
[PlyCount "65"]
[GameId "2186366958133910"]
[EventDate "2025.05.17"]
[EventType "swiss"]
[EventRounds "6"]
[EventCountry "CAN"]

1. d4 Nf6 2. c4 e6 3. a3 d5 4. Nc3 Be7 5. Bf4 O-O 6. e3 b6 7. cxd5 exd5 8. Bd3 Be6 9. Nge2 c5 10. Rc1 Nc6 11. h3 Qd7 12. O-O Qb7 13. Re1 Rac8 14. g4 h5 15. g5 Ne8 16. Ng3 g6 17. h4 Ng7 18. Be2 Rfd8 19. Bf3 cxd4 20. exd4 Na5 21. b4 Nc4 22. Qb3 b5 23. Rc2 Bd6 24. Bxd6 Rxd6 25. a4 a6 26. axb5 axb5 27. Ra2 Qb6 28. Nce2 Rdd8 29. Rea1 Qb7 30. Nc3 Qb6 31. Nce2 Qb7 32. Nc3 Qb6 33. Nce2 1/2-1/2

[Event "Ontario op"]
[Site "Brantford CAN"]
[Date "2025.05.18"]
[Round "4"]
[White "Yin, Zeming"]
[Black "Deepak, Laksshana"]
[Result "1-0"]
[WhiteElo "1980"]
[BlackElo "2089"]
[WhiteFideId "-1"]
[WhiteFideId "-1"]
[PlyCount "107"]
[GameId "2190954202604557"]
[EventDate "2025.05.17"]
[EventType "swiss"]
[EventRounds "6"]
[EventCountry "CAN"]

1. e4 c6 2. Nf3 d5 3. Nc3 Bg4 4. h3 Bxf3 5. Qxf3 e6 6. Be2 Nd7 7. d4 g6 8. O-O Bg7 9. e5 a6 10. Be3 c5 11. dxc5 Ne7 12. Na4 Nc6 13. Rad1 O-O 14. Qg3 Bxe5 15. f4 Bg7 16. b3 Ne7 17. Bd3 d4 18. Bd2 Qc7 19. b4 a5 20. bxa5 Nxc5 21. Nxc5 Qxc5 22. Rb1 Qc7 23. Be4 Nc6 24. Rb5 Nxa5 25. Bxa5 Rxa5 26. Rxb7 Qc5 27. Bd3 Rxa2 28. Rfb1 Rxc2 29. Bxc2 d3+ 30. Kh2 dxc2 31. Rc1 Rc8 32. Qf3 e5 33. Qb3 Qf8 34. Rxc2 Rxc2 35. Qxc2 exf4 36. Qc7 g5 37. Rb8 h6 38. Rxf8+ Bxf8 39. Qd7 Bg7 40. Kg1 Bf6 41. Kf2 Kg7 42. Kf3 Be5 43. Qf5 Bf6 44. Kg4 Bd4 45. Qd7 Be5 46. h4 Bf6 47. hxg5 Bxg5 48. Kf5 Kf8 49. Qd4 Kg8 50. Ke5 Kg7 51. Kd6+ Kg6 52. Qe4+ Kg7 53. Qf5 Kf8 54. Kd7 1-0

[Event "Ontario op"]
[Site "Brantford CAN"]
[Date "2025.05.18"]
[Round "4"]
[White "Zhao, Jifan"]
[Black "Joshua Lee, Daniel"]
[Result "1/2-1/2"]
[WhiteElo "2074"]
[BlackElo "1989"]
[WhiteFideId "-1"]
[WhiteFideId "-1"]
[PlyCount "236"]
[GameId "2187182555693765"]
[EventDate "2025.05.17"]
[EventType "swiss"]
[EventRounds "6"]
[EventCountry "CAN"]

{[%evp 0,236,12,25,21,-22,22,6,13,62,0,-4,1,-5,13,11,29,13,53,31,68,25,27,25,29,14,13,21,15,3,8,-2,-6,-53,59,-68,-64,-52,83,-120,-64,-66,-52,157,-3,150,-29,-45,-21,71,-24,-37,111,-39,-66,-91,-89,53,-88,74,-99,-70,3,-80,-94,90,-119,-97,-76,-118,-77,-78,-64,110,-44,-47,-22,87,-9,175,17,133,34,11,43,33,32,142,122,178,116,39,244,81,187,103,103,21,5,-15,166,48,199,-1,-1,-1,1,1,1,1,73,36,150,70,55,78,77,61,79,83,73,71,70,71,73,59,59,77,60,64,48,53,1,57,151,164,144,167,180,98,82,78,125,271,123,289,266,381,257,420,220,392,147,142,122,122,148,112,116,114,114,104,125,197,127,230,156,177,176,154,166,175,207,176,296,161,159,160,301,327,329,157,117,123,194,151,187,165,165,212,188,265,174,291,278,285,280,215,263,247,267,257,251,232,228,239,204,219,213,200,213,211,207,207,205,208,207,202,203,198,202,192,264,240,237,257,175,208,201,202,234,213,219,204,189,219,207,0,0]} 1. e4 e5 2. Nf3 Nc6 3. Bb5 a6 4. Bxc6 dxc6 5. d3 Bd6 6. Be3 Bg4 7. Nbd2 Qe7 8. h3 Bh5 9. Qe2 O-O-O 10. Nc4 f6 11. O-O-O Qe6 12. b3 Ne7 13. Nxd6+ Qxd6 14. g4 Bf7 15. Kb1 c5 16. c3 Nc6 17. Rd2 g5 18. h4 h6 19. h5 Bg8 20. Rhd1 Bh7 21. Ne1 Nd4 22. Qf1 Nb5 23. Rc1 Kb8 24. f3 Bg8 25. Qf2 b6 26. Kc2 Rh7 27. Kd1 Rhd7 28. Ke2 a5 29. Kf1 Kc8 30. Rdd1 Kb7 31. Kg2 Qe7 32. Rd2 Bf7 33. Qe2 Be6 34. Qd1 Bf7 35. Qc2 Bg8 36. Rcd1 Bf7 37. Qb2 Na7 38. Nc2 Nc6 39. d4 exd4 40. cxd4 cxd4 41. Nxd4 Qe5 42. Nxc6 Qxb2 43. Nxd8+ Rxd8 44. Rxb2 Rxd1 45. Rd2 Rc1 46. Kf2 Ka6 47. Rb2 Rc6 48. Bd4 Kb5 49. a3 a4 50. b4 Bb3 51. Rb1 Rd6 52. Ke3 c5 53. bxc5 bxc5 54. Bb2 c4 55. Bd4 Re6 56. Kd2 Rd6 57. Kc3 Rd7 58. Rb2 Rd6 59. Rd2 Kc6 60. Rf2 Re6 61. Rf1 Kd6 62. Kd2 Ke7 63. Ke3 Rc6 64. Bc3 Kf7 65. f4 Rd6 66. Bd4 Bc2 67. fxg5 hxg5 68. e5 Re6 69. Rxf6+ Rxf6 70. exf6 Bd1 71. h6 Bc2 72. Kd2 Be4 73. Kc3 Bb1 74. Kxc4 Ba2+ 75. Kb4 Kg6 76. Kxa4 Kxh6 77. Kb5 Kg6 78. Kc6 Be6 79. Kd6 Kf7 80. Ke5 Bxg4 81. Be3 Bd1 82. Bxg5 Ba4 83. Be3 Bb3 84. Bd4 Ke8 85. Kd6 Kd8 86. Kc6 Kc8 87. Be5 Kd8 88. Bd6 Kc8 89. Bc7 Ba4+ 90. Kb6 Kd7 91. Kb7 Bb3 92. Be5 Kd8 93. Bc3 Kd7 94. Bd4 Kd8 95. Bc5 Kd7 96. Kb6 Ke6 97. Bd4 Kd7 98. Ka7 Kd6 99. Ka6 Kd7 100. Bc5 Ke6 101. Be7 Kd7 102. Kb6 Ke6 103. Kc7 Kf7 104. Kd6 Ke8 105. Kc6 Kf7 106. Bd8 Ke6 107. Kb6 Kd7 108. Bc7 Ke6 109. Bd8 Kd7 110. Be7 Kc8 111. Bd6 Kd7 112. Kc5 Ke6 113. Be7 Kd7 114. Kb6 Kc8 115. Bd6 Kd7 116. Kc5 Ke6 117. Kb4 Ba2 118. Kc5 Kxf6 1/2-1/2

[Event "Ontario op"]
[Site "Brantford CAN"]
[Date "2025.05.18"]
[Round "4"]
[White "Zhou Chen, Larry"]
[Black "Huang, Eric"]
[Result "0-1"]
[WhiteElo "2066"]
[BlackElo "1905"]
[WhiteFideId "-1"]
[WhiteFideId "-1"]
[PlyCount "74"]
[GameId "2187808934867193"]
[EventDate "2025.05.17"]
[EventType "swiss"]
[EventRounds "6"]
[EventCountry "CAN"]

{[%evp 0,74,19,32,17,11,20,24,16,-3,0,-10,-22,-14,22,11,6,23,24,27,22,19,55,27,53,12,43,31,-47,-22,13,-39,-86,-87,-165,-107,-154,-172,-184,-55,-182,-92,-168,-279,-159,-482,-446,-554,-576,-546,-568,-570,-565,-558,-552,-466,-603,-312,-587,-670,-670,-439,-678,-660,-398,-163,-443,-402,-636,-578,-702,-693,-699,-691,-707,-519,-752]} 1. d4 d5 2. c4 c6 3. Nf3 Nf6 4. Bf4 dxc4 5. a4 Bf5 6. e3 e6 7. Bxc4 Bb4+ 8. Nbd2 Nbd7 9. O-O O-O 10. Qe2 Nh5 11. Bg5 Be7 12. Bxe7 Qxe7 13. e4 Bg6 14. Ne1 e5 15. dxe5 Nxe5 16. Bb3 Nf4 17. Qe3 Qg5 18. g3 Nh3+ 19. Kg2 Qxe3 20. fxe3 Ng5 21. Rf4 Rad8 22. Rd1 Bh5 23. Rf2 Bxd1 24. Bxd1 Nxe4 25. Nxe4 Rxd1 26. Re2 Rfd8 27. Nc5 R1d2 28. Kf1 b6 29. Nb3 Rxe2 30. Kxe2 Nc4 31. Nd4 Nxb2 32. Nxc6 Rd7 33. a5 Rc7 34. Nd4 bxa5 35. Nec2 Kf8 36. Na3 a6 37. Nb1 a4 0-1

[Event "Ontario op"]
[Site "Brantford CAN"]
[Date "2025.05.18"]
[Round "4"]
[White "Zian Wang, Nathan"]
[Black "Zhuoyuan Xu, Ryan"]
[Result "1-0"]
[WhiteElo "2099"]
[BlackElo "2042"]
[WhiteFideId "-1"]
[WhiteFideId "-1"]
[PlyCount "85"]
[GameId "2187053799825468"]
[EventDate "2025.05.17"]
[EventType "swiss"]
[EventRounds "6"]
[EventCountry "CAN"]

1. e4 c5 2. Nf3 d6 3. Bb5+ Bd7 4. Bxd7+ Nxd7 5. O-O Ngf6 6. Re1 Rc8 7. Qe2 g6 8. c3 Bg7 9. d4 e5 10. dxe5 dxe5 11. c4 O-O 12. Nc3 a6 13. Bg5 h6 14. Bh4 g5 15. Bg3 Re8 16. Rad1 Qe7 17. Nd5 Nxd5 18. cxd5 Qd6 19. h4 g4 20. Nd2 Qg6 21. a4 h5 22. a5 Bh6 23. Nc4 Qf6 24. Qd3 Bf4 25. Qc3 Rcd8 26. d6 Nb8 27. Rd5 Nd7 28. Bxf4 Qxf4 29. g3 Qf6 30. Ne3 Re6 31. Nf5 b5 32. f3 c4 33. fxg4 hxg4 34. Qe3 Nb8 35. Qb6 Kf8 36. Rf1 Ke8 37. Kg2 Qg6 38. Rfd1 Qf6 39. Qc5 Qg6 40. d7+ Nxd7 41. Rxd7 Rxd7 42. Qc8+ Rd8 43. Qxd8# 1-0

[Event "Ontario op"]
[Site "Brantford CAN"]
[Date "2025.05.18"]
[Round "4.2"]
[White "Liang, Jason"]
[Black "Mao, Fengxi"]
[Result "1-0"]
[WhiteElo "2378"]
[BlackElo "2200"]
[WhiteFideId "-1"]
[WhiteFideId "-1"]
[PlyCount "87"]
[GameId "2178950444969984"]
[EventDate "2025.05.17"]
[EventType "swiss"]
[EventRounds "6"]
[EventCountry "CAN"]

1. e4 c5 2. Nf3 Nc6 3. d4 cxd4 4. Nxd4 g6 5. c4 Bg7 6. Be3 Qb6 7. Nb3 Qd8 8. Qd2 Nf6 9. f3 O-O 10. Nc3 d6 11. Be2 a5 12. Na4 Be6 13. Nb6 Rb8 14. Nxa5 Nd7 15. Nxd7 Qxd7 16. Nxc6 bxc6 17. Bd4 Bxd4 18. Qxd4 Qb7 19. b3 Qb4+ 20. Kf2 d5 21. exd5 cxd5 22. Rhd1 dxc4 23. bxc4 Rfd8 24. Rab1 Rxd4 25. Rxb4 Rxb4 26. Rxd4 Rb2 27. a4 Ra2 28. c5 Rc2 29. a5 Rxc5 30. Ra4 Bd5 31. a6 Kg7 32. Ke3 e5 33. a7 Ba8 34. g4 f5 35. g5 h6 36. h4 hxg5 37. hxg5 Rc3+ 38. Kf2 Rc7 39. f4 e4 40. Ke3 Rd7 41. Ra6 Kf7 42. Bb5 Rb7 43. Bc4+ Kg7 44. Bd5 1-0

[Event "Ontario op"]
[Site "Brantford CAN"]
[Date "2025.05.19"]
[Round "4.3"]
[White "Plotkin, Mark"]
[Black "Joseph Benher, Savio"]
[Result "1/2-1/2"]
[WhiteElo "2350"]
[BlackElo "2115"]
[WhiteFideId "-1"]
[WhiteFideId "-1"]
[PlyCount "162"]
[GameId "2179302099677184"]
[EventDate "2025.05.17"]
[EventType "swiss"]
[EventRounds "6"]
[EventCountry "CAN"]

1. Nf3 Nf6 2. g3 b5 3. Bg2 Bb7 4. Na3 a6 5. c4 e6 6. cxb5 Bxa3 7. bxa6 Rxa6 8. bxa3 O-O 9. O-O d6 10. Rb1 Bd5 11. Qc2 Rc6 12. Qb2 Nbd7 13. d3 Qa8 14. Qa1 Rc2 15. Rb2 Qa4 16. e4 Ba8 17. Be3 Rc3 18. Rd2 Qxa3 19. Rfd1 e5 20. Ne1 Qa5 21. Rb2 Ra3 22. Qb1 c5 23. Nc2 Ra4 24. Bd2 Qa6 25. Ne3 g6 26. Bc3 Bc6 27. Bf1 Qa7 28. Nc4 Qc7 29. Re1 Rfa8 30. Qc2 Nh5 31. Qd2 Ng7 32. f4 R4a6 33. Bh3 f6 34. Qf2 Rf8 35. Rf1 Raa8 36. Qe3 Rae8 37. Rbf2 Bb5 38. fxe5 fxe5 39. Bxd7 Bxd7 40. Rxf8+ Rxf8 41. Rxf8+ Kxf8 42. Qg5 Ne8 43. Ba5 Qb7 44. Qd2 Be6 45. Qf2+ Kg7 46. Qc2 Bh3 47. Bc3 Qf7 48. Qe2 Qd7 49. Kf2 Kg8 50. Ke1 Qb7 51. Qb2 Qxb2 52. Bxb2 Bd7 53. Nb6 Bb5 54. Kd2 Kf7 55. a4 Ba6 56. Nd5 Ke6 57. Bc3 Bb7 58. Ne3 Nf6 59. Kc2 Ba6 60. a5 h5 61. h3 Nh7 62. Nd5 Kd7 63. Bd2 Nf8 64. g4 hxg4 65. hxg4 Ne6 66. Be3 Nc7 67. Nf6+ Ke6 68. Nh7 Bb5 69. Ng5+ Ke7 70. Nf3 Na6 71. Bd2 Nb8 72. Bc3 Nc6 73. Nd2 Nd8 74. Nc4 Ne6 75. Bd2 Nd4+ 76. Kb2 Ke6 77. Bh6 Nc6 78. Bd2 Nd4 79. Be1 Ne2 80. Kc2 Nf4 81. Bf2 Nxd3 1/2-1/2

[Event "Ontario op"]
[Site "Brantford CAN"]
[Date "2025.05.19"]
[Round "4.4"]
[White "Khaledi, Omid"]
[Black "Jaferian, Koosha"]
[Result "1/2-1/2"]
[WhiteElo "2228"]
[BlackElo "2292"]
[WhiteFideId "-1"]
[WhiteFideId "-1"]
[PlyCount "87"]
[GameId "2179302099677184"]
[EventDate "2025.05.17"]
[EventType "swiss"]
[EventRounds "6"]
[EventCountry "CAN"]

1. d4 Nf6 2. Nf3 d5 3. c4 e6 4. g3 dxc4 5. Bg2 Bb4+ 6. Bd2 a5 7. Qc1 c5 8. dxc5 Bxc5 9. Qxc4 Nbd7 10. O-O b6 11. Nc3 Ba6 12. Qh4 Rc8 13. Rfd1 O-O 14. e4 Be7 15. e5 Nd5 16. Bg5 Bxg5 17. Nxg5 h6 18. Nxd5 hxg5 19. Qh3 Nxe5 20. Nb4 axb4 21. Rxd8 Rfxd8 22. Qh5 Rc5 23. Rd1 Rdc8 24. h3 g6 25. Qh6 Be2 26. Re1 Rc1 27. Rxc1 Rxc1+ 28. Kh2 Nf3+ 29. Bxf3 Bxf3 30. g4 Rc5 31. Kg3 Be4 32. h4 Rd5 33. f3 gxh4+ 34. Kf2 Bb1 35. Qxh4 Bxa2 36. Qe7 b3 37. Qe8+ Kg7 38. Qc6 b5 39. Qc3+ Kh7 40. Qc7 Kg8 41. Qc8+ Kg7 42. Qc3+ Kg8 43. Qc8+ Kg7 44. Qc3+ 1/2-1/2

[Event "Ontario op"]
[Site "Brantford CAN"]
[Date "2025.05.19"]
[Round "4.5"]
[White "Kola, Venkat Karthikeya R"]
[Black "Dukic, Zachary"]
[Result "0-1"]
[WhiteElo "1950"]
[BlackElo "2182"]
[WhiteFideId "-1"]
[WhiteFideId "-1"]
[PlyCount "98"]
[GameId "2179302099681280"]
[EventDate "2025.05.17"]
[EventType "swiss"]
[EventRounds "6"]
[EventCountry "CAN"]

1. d4 d6 2. c4 e5 3. dxe5 dxe5 4. Qxd8+ Kxd8 5. Nc3 Be6 6. e3 Nd7 7. b3 c6 8. Bb2 Kc7 9. Bd3 f6 10. O-O-O Nh6 11. h3 Nf7 12. Nge2 Nc5 13. Bc2 a5 14. Ne4 a4 15. N2c3 axb3 16. axb3 Na6 17. f4 Nb4 18. Ng3 Nxc2 19. Kxc2 exf4 20. exf4 Bb4 21. Rhe1 Rhe8 22. Ra1 Rxa1 23. Rxa1 Nh6 24. Rd1 Nf5 25. Nf1 h5 26. Bc1 h4 27. Nh2 Bf7 28. Kb2 Ne3 29. Rg1 Bc5 30. Nf3 Bh5 31. Kb1 Bg6+ 32. Kb2 Ra8 33. Ne2 Nf5 34. Rd1 Re8 35. Ned4 Nxd4 36. Nxd4 Be4 37. Kc3 Bxg2 38. Rg1 Bxh3 39. Rxg7+ Re7 40. Rg6 Rh7 41. b4 Bxd4+ 42. Kxd4 Bf5 43. Rg2 h3 44. Rh2 Rd7+ 45. Kc3 Rd3+ 46. Kb2 Be4 47. Rf2 f5 48. Re2 Bg2 49. Re7+ Rd7 0-1

[Event "Ontario op"]
[Site "Brantford CAN"]
[Date "2025.05.19"]
[Round "5"]
[White "Belanger, Colton"]
[Black "Zhao, Jifan"]
[Result "1-0"]
[WhiteElo "2013"]
[BlackElo "2074"]
[WhiteFideId "-1"]
[WhiteFideId "-1"]
[PlyCount "112"]
[GameId "2190954202604563"]
[EventDate "2025.05.17"]
[EventType "swiss"]
[EventRounds "6"]
[EventCountry "CAN"]

1. e4 e6 2. d4 d5 3. Nc3 Nf6 4. Bg5 dxe4 5. Nxe4 Nbd7 6. Nxf6+ Nxf6 7. Nf3 h6 8. Be3 Nd5 9. Bd2 c5 10. Ne5 a6 11. Qg4 Nf6 12. Qe2 Qxd4 13. O-O-O Qe4 14. Re1 Qxe2 15. Bxe2 Bd6 16. Nc4 Bc7 17. Bf3 Rb8 18. g4 b5 19. Ne5 Bxe5 20. Rxe5 Nd7 21. Rh5 Rg8 22. Rg1 Bb7 23. Be2 Bd5 24. g5 hxg5 25. Bxg5 Nf8 26. Bf6 Ng6 27. Bg5 Kd7 28. Be3 c4 29. f4 Ne7 30. Bg4 Rh8 31. Bd4 Rxh5 32. Bxh5 g6 33. Bg4 Be4 34. h4 Nd5 35. Re1 Bf5 36. Bxf5 exf5 37. h5 gxh5 38. Rh1 Nxf4 39. Be5 Ne2+ 40. Kd2 Re8 41. Kxe2 Rxe5+ 42. Kf3 Rd5 43. Rh2 Rd1 44. b3 c3 45. Rxh5 Rd2 46. Rxf5 Ke6 47. Rc5 Rxc2 48. Rc6+ Kd5 49. Rxa6 Rh2 50. Ra8 c2 51. Rc8 Kd4 52. a4 bxa4 53. bxa4 Kd3 54. a5 Kd2 55. Rd8+ Ke1 56. Rc8 Kd1 1-0

[Event "Ontario op"]
[Site "Brantford CAN"]
[Date "2025.05.19"]
[Round "5"]
[White "Deepak, Laksshana"]
[Black "Jung, Hans"]
[Result "1-0"]
[WhiteElo "2089"]
[BlackElo "2061"]
[WhiteFideId "-1"]
[WhiteFideId "-1"]
[PlyCount "67"]
[GameId "2189120491983566"]
[EventDate "2025.05.17"]
[EventType "swiss"]
[EventRounds "6"]
[EventCountry "CAN"]

1. Nf3 Nf6 2. b3 c5 3. Bb2 d6 4. d4 cxd4 5. Nxd4 e5 6. Nf3 Nc6 7. e3 Bf5 8. a3 Qa5+ 9. Nbd2 Qc7 10. Be2 d5 11. c4 Rd8 12. cxd5 Rxd5 13. Bc4 Rd8 14. Qe2 e4 15. Ng5 Bg6 16. Rc1 Bh5 17. g4 Bxg4 18. Bxf7+ Qxf7 19. Nxf7 Bxe2 20. Nxd8 Bf3 21. Nxf3 Nxd8 22. Nd2 Be7 23. Bxf6 gxf6 24. Nxe4 Bxa3 25. Ra1 Bb4+ 26. Ke2 f5 27. Nf6+ Kf7 28. Nd5 Bd6 29. Rxa7 Bb8 30. Raa1 Re8 31. Rad1 Re6 32. Nf4 Re8 33. Rd7+ Kf6 34. Nh5+ 1-0

[Event "Ontario op"]
[Site "Brantford CAN"]
[Date "2025.05.19"]
[Round "5"]
[White "Deshpande, Sarthak"]
[Black "Trofimov-Malyshkin, Valentyn"]
[Result "1/2-1/2"]
[WhiteElo "2035"]
[BlackElo "2184"]
[WhiteFideId "-1"]
[WhiteFideId "-1"]
[PlyCount "54"]
[GameId "2188695293898973"]
[EventDate "2025.05.17"]
[EventType "swiss"]
[EventRounds "6"]
[EventCountry "CAN"]

1. d4 e6 2. c4 Nf6 3. g3 d5 4. Nf3 c6 5. Qc2 dxc4 6. Qxc4 b5 7. Qc2 Bb7 8. Bg2 Nbd7 9. O-O Rc8 10. Qd3 a6 11. Bf4 c5 12. dxc5 Nxc5 13. Qxd8+ Rxd8 14. Nbd2 Nd5 15. Be5 f6 16. Bd4 Na4 17. b3 Nac3 18. Rfe1 e5 19. e4 exd4 20. exd5+ Kf7 21. Nxd4 Bxd5 22. Bh3 Ba3 23. Re3 Bb2 24. Rae1 Ne4 25. Nxe4 Bxd4 26. R3e2 Bxe4 27. Rxe4 Rhe8 1/2-1/2

[Event "Ontario op"]
[Site "Brantford CAN"]
[Date "2025.05.19"]
[Round "5"]
[White "Dukic, Zachary"]
[Black "England, Max"]
[Result "1-0"]
[WhiteElo "2360"]
[BlackElo "2236"]
[WhiteFideId "-1"]
[WhiteFideId "-1"]
[PlyCount "67"]
[GameId "2188117719063683"]
[EventDate "2025.05.17"]
[EventType "swiss"]
[EventRounds "6"]
[EventCountry "CAN"]

1. Nf3 Nf6 2. g3 g6 3. Bg2 Bg7 4. d4 O-O 5. c4 d6 6. Nc3 c6 7. O-O Bf5 8. Re1 Ne4 9. h4 h6 10. Nh2 Nxc3 11. bxc3 Be6 12. e4 Bxc4 13. Ng4 Kh7 14. h5 Qa5 15. hxg6+ fxg6 16. Bd2 Nd7 17. f4 e6 18. e5 d5 19. Bf3 Rf7 20. Kg2 Rh8 21. Qc2 Nf8 22. Ne3 b5 23. g4 Qd8 24. f5 gxf5 25. gxf5 Qg5+ 26. Kh3 Qf4 27. Bh5 Rg8 28. fxe6+ Kh8 29. exf7 Ne6 30. fxg8=Q+ Kxg8 31. Rg1 Qf2 32. Bf7+ Qxf7 33. Qf5 Qd7 34. Kh2 1-0

[Event "Ontario op"]
[Site "Brantford CAN"]
[Date "2025.05.19"]
[Round "5"]
[White "Huang, Eric"]
[Black "Zian Wang, Nathan"]
[Result "1-0"]
[WhiteElo "1905"]
[BlackElo "2099"]
[WhiteFideId "-1"]
[WhiteFideId "-1"]
[PlyCount "71"]
[GameId "2190954202604561"]
[EventDate "2025.05.17"]
[EventType "swiss"]
[EventRounds "6"]
[EventCountry "CAN"]

1. d4 Nf6 2. c4 g6 3. Nc3 d5 4. cxd5 Nxd5 5. e4 Nxc3 6. bxc3 Bg7 7. Bc4 c5 8. Ne2 Nc6 9. Be3 O-O 10. O-O b6 11. Qd2 Bb7 12. Rad1 cxd4 13. cxd4 Rc8 14. Rc1 Na5 15. Bd3 Qd7 16. Bh6 Rfd8 17. Bxg7 Kxg7 18. Qb2 Kg8 19. Bb5 Qe6 20. f3 Qd6 21. Rfd1 e5 22. d5 f6 23. a3 Rc5 24. Qb4 Rdc8 25. Rxc5 Rxc5 26. Nc3 Qd8 27. Na4 Rc7 28. Nb2 Rc8 29. d6 Nc6 30. Qc4+ Kg7 31. d7 Rc7 32. Qe6 Kf8 33. Bc4 Kg7 34. Qf7+ Kh8 35. Qe8+ Kg7 36. Bb5 1-0

[Event "Ontario op"]
[Site "Brantford CAN"]
[Date "2025.05.19"]
[Round "5"]
[White "Huang, Patrick"]
[Black "Huang, Patrick"]
[Result "1/2-1/2"]
[WhiteElo "2046"]
[BlackElo "2209"]
[WhiteFideId "-1"]
[WhiteFideId "-1"]
[PlyCount "115"]
[GameId "2188620509633986"]
[EventDate "2025.05.17"]
[EventType "swiss"]
[EventRounds "6"]
[EventCountry "CAN"]

{[%evp 0,88,11,33,15,16,29,-30,23,26,24,40,32,32,32,29,30,71,35,24,23,13,52,28,24,10,75,53,136,103,112,-11,125,113,87,104,112,252,142,159,143,212,261,210,258,305,362,427,567,194,564,198,198,181,107,108,281,399,283,290,43,298,300,187,256,263,266,269,258,267,280,265,395,358,495,325,421,514,318,541,588,374,529,399,405,322,285,392,379,278,371]} 1. d4 Nf6 2. c4 b6 3. Nc3 Bb7 4. Qc2 d5 5. cxd5 Nxd5 6. Nf3 e6 7. e4 Nxc3 8. bxc3 Be7 9. Bd3 c5 10. O-O Qc7 11. Qe2 O-O 12. Re1 Nc6 13. d5 Na5 14. c4 b5 15. cxb5 exd5 16. exd5 Bf6 17. Qe4 g6 18. Bf4 Qd7 19. Rad1 Bc3 20. Re3 Bxd5 21. Qa4 Bxf3 22. Be2 Qf5 23. Rxf3 Rad8 24. Bd2 Qe5 25. Re3 Qd4 26. Qxd4 cxd4 27. Bxc3 dxe3 28. Rxd8 Rxd8 29. Bxa5 Rc8 30. fxe3 Rc2 31. Kf2 Rxa2 32. Bc3 Kf8 33. Kf3 Ke7 34. Bd4 Ra4 35. Kf4 h6 36. Ke5 Ra5 37. Kd5 Kd7 38. Kc4 Ra2 39. Bf3 Kc7 40. h4 Kd6 41. Bb7 Kc7 42. Ba6 Kb8 43. g3 g5 44. Be5+ Ka8 45. h5 f5 46. Kd5 f4 47. gxf4 gxf4 48. Kc6 Rc2+ 49. Kd7 fxe3 50. Bc7 Rf2 51. Kc8 Rf8+ 52. Bd8 Rf7 53. b6 axb6 54. Bxb6 Rf8+ 55. Kd7 Rf6 56. Kc7 Rf7+ 57. Kc6 Rf6+ 58. Kc7 1/2-1/2

[Event "Ontario op"]
[Site "Brantford CAN"]
[Date "2025.05.19"]
[Round "5"]
[White "Ivanchuk, serghii"]
[Black "Filipovich, David"]
[Result "0-1"]
[WhiteElo "2119"]
[BlackElo "1997"]
[WhiteFideId "-1"]
[WhiteFideId "-1"]
[PlyCount "100"]
[GameId "2188945854279858"]
[EventDate "2025.05.17"]
[EventType "swiss"]
[EventRounds "6"]
[EventCountry "CAN"]

1. e4 g6 2. d4 Bg7 3. Nc3 d6 4. Be3 a6 5. a4 Nc6 6. Qd2 e5 7. Nge2 exd4 8. Nxd4 Nf6 9. f3 O-O 10. O-O-O Re8 11. g4 h5 12. g5 Nd7 13. h4 Nde5 14. Be2 Bd7 15. f4 Ng4 16. Bxg4 Bxg4 17. Rdf1 Qd7 18. f5 Ne5 19. f6 Bf8 20. Nb3 b5 21. a5 c6 22. Bf4 Nc4 23. Qd3 Qc7 24. Rfg1 Be6 25. Rd1 Nxa5 26. Nc5 Nc4 27. Nxe6 Rxe6 28. b3 Ne5 29. Bxe5 Rxe5 30. Kb2 a5 31. Ne2 Rae8 32. Nd4 Rxe4 33. Qc3 Rc8 34. Rde1 d5 35. Rd1 Qe5 36. Kb1 Bb4 37. Qb2 Bc5 38. Nf3 Qxb2+ 39. Kxb2 Rce8 40. Ra1 Rf4 41. Rhf1 Re3 42. Nd2 Bd4+ 43. Ka2 Rxf1 44. Rxf1 Re2 45. Nf3 Rxc2+ 46. Kb1 Rf2 47. Rd1 Rxf3 48. Rxd4 Rxb3+ 49. Kc2 Rb4 50. Rd1 Rxh4 0-1

[Event "Ontario op"]
[Site "Brantford CAN"]
[Date "2025.05.19"]
[Round "5"]
[White "Lalonde, Olivier"]
[Black "Yin, Zeming"]
[Result "1-0"]
[Annotator "GMPat"]
[WhiteElo "2266"]
[BlackElo "1980"]
[WhiteFideId "-1"]
[WhiteFideId "-1"]
[PlyCount "97"]
[GameId "2188517223907990"]
[EventDate "2025.05.17"]
[EventType "swiss"]
[EventRounds "6"]
[EventCountry "CAN"]

{[%evp 0,97,12,26,14,22,17,19,10,15,10,14,11,-95,24,6,36,12,7,9,27,12,11,7,20,-8,61,-3,28,119,59,9,27,64,20,41,61,66,133,151,105,68,63,68,139,94,87,87,94,112,235,132,145,181,162,134,210,75,161,148,150,137,174,175,202,201,215,202,343,186,241,307,223,313,248,346,237,201,259,276,250,390,165,271,266,346,452,425,473,463,527,580,535,577,537,592,29993,29994,29995,29996]} 1. d4 Nf6 2. c4 e6 3. Nc3 Bb4 4. e3 O-O 5. Bd2 b6 6. Nf3 Bb7 7. Rc1 d6 8. a3 Bxc3 9. Bxc3 Nbd7 10. Be2 Ne4 11. O-O f5 12. d5 e5 13. Nd2 Nxd2 14. Qxd2 Qe7 15. Rcd1 Rae8 16. f3 Bc8 17. b4 Rf6 18. Bd3 f4 19. Rde1 Qf7 20. exf4 Rxf4 21. Qc2 Qh5 22. Bd2 Rf7 23. Qa4 Ref8 24. Qxa7 g5 25. Qa4 Nf6 26. Qd1 Rg7 27. Qe2 Kh8 28. g4 Qe8 29. Ra1 Bd7 30. b5 Bc8 31. a4 Nd7 32. Be3 Qd8 33. Qd2 h5 34. h3 Rf4 35. a5 bxa5 36. Rxa5 Qf6 37. Ra8 Rg8 38. Kg2 Kg7 39. Be4 Rh8 40. Bxf4 gxf4 41. g5 Qxg5+ 42. Kh1 Kf7 43. Rg1 Qh4 44. Qg2 Qf6 45. Ra7 Ke7 46. Rxc7 Kd8 47. Ra7 Nc5 48. Qg8+ Qf8 49. Qg5+ 1-0

[Event "Ontario op"]
[Site "Brantford CAN"]
[Date "2025.05.19"]
[Round "5"]
[White "Li, Hongyi"]
[Black "Zhuoyuan Xu, Ryan"]
[Result "0-1"]
[WhiteElo "2078"]
[BlackElo "2042"]
[WhiteFideId "-1"]
[WhiteFideId "-1"]
[PlyCount "82"]
[GameId "2189395818132181"]
[EventDate "2025.05.17"]
[EventType "swiss"]
[EventRounds "6"]
[EventCountry "CAN"]

1. c4 c6 2. g3 Nf6 3. Bg2 d5 4. Nf3 Bf5 5. O-O dxc4 6. Na3 g6 7. Nxc4 Bg7 8. Ne3 Bc8 9. d3 O-O 10. a4 Nd5 11. Nc4 c5 12. Qb3 e6 13. Bg5 f6 14. Bd2 Nc6 15. Rfc1 Kh8 16. a5 Qe7 17. h3 Rb8 18. Kh2 Rd8 19. Ne3 Ndb4 20. Rc4 e5 21. Nc2 Be6 22. Nxb4 Nxb4 23. Rxb4 Bxb3 24. Rxb3 f5 25. Be3 Bf6 26. Rb5 b6 27. axb6 axb6 28. Nd2 f4 29. gxf4 exf4 30. Bxf4 Be5 31. Bg3 Bxg3+ 32. fxg3 Qxe2 33. Ne4 Qxd3 34. Ra7 Qd4 35. Rb3 c4 36. Rf3 Rd7 37. Rf7 Rxf7 38. Rxf7 Kg8 39. Re7 Qxb2 40. h4 Rc8 41. Ng5 h6 0-1